<?xml version="1.0" encoding="UTF-8"?>
<record
    xmlns:xsi="http://www.w3.org/2001/XMLSchema-instance"
    xsi:schemaLocation="http://www.loc.gov/MARC21/slim http://www.loc.gov/standards/marcxml/schema/MARC21slim.xsd"
    xmlns="http://www.loc.gov/MARC21/slim">

  <leader>00988nas a2200241 454500</leader>
  <controlfield tag="001">2863</controlfield>
  <controlfield tag="005">20260407193504.0</controlfield>
  <controlfield tag="008">260407s1985####ag###########|||spa#d</controlfield>
  <controlfield tag="003">AR-UNSa-BCEJYS</controlfield>
  <datafield tag="040" ind1=" " ind2=" ">
    <subfield code="a">AR-UNSa-BCEJYS</subfield>
    <subfield code="b">spa</subfield>
    <subfield code="c">AR-UNSa-BCEJYS</subfield>
  </datafield>
  <datafield tag="080" ind1=" " ind2=" ">
    <subfield code="a">336</subfield>
    <subfield code="x">Finanzas. Finanzas p&#xFA;blicas. Banca. Moneda. Bolsa
</subfield>
  </datafield>
  <datafield tag="245" ind1="1" ind2="0">
    <subfield code="a">Ejecutivos de finanzas</subfield>
  </datafield>
  <datafield tag="264" ind1=" " ind2="1">
    <subfield code="a">Buenos Aires :</subfield>
    <subfield code="b">IAEF (Instituto Argentino de Ejecutivos de Finanzas)</subfield>
    <subfield code="c">1985</subfield>
  </datafield>
  <datafield tag="310" ind1=" " ind2=" ">
    <subfield code="a">Frecuencia: Mensual
Cambia de Director a partir del N&#xBA; 36 por Reginaldo A. Gibbons
Cambia de Director a partir del N&#xBA; 53 por Jos&#xE9; L. Mu&#xF1;iz
Cambia de Director a partir del N&#xBA; 59 por Jorge A. del Aguila

</subfield>
  </datafield>
  <datafield tag="041" ind1=" " ind2=" ">
    <subfield code="a">spa</subfield>
  </datafield>
  <datafield tag="942" ind1=" " ind2=" ">
    <subfield code="c">SER</subfield>
  </datafield>
  <datafield tag="590" ind1=" " ind2=" ">
    <subfield code="a">niveau_biblio:s niveau_hierar:1</subfield>
  </datafield>
  <datafield tag="100" ind1="1" ind2=" ">
    <subfield code="a">Musante, Carlos A.</subfield>
  </datafield>
  <datafield tag="650" ind1=" " ind2=" ">
    <subfield code="a">Finanzas</subfield>
  </datafield>
  <datafield tag="650" ind1=" " ind2=" ">
    <subfield code="a">6.25 Econom&#xED;a</subfield>
  </datafield>
  <datafield tag="650" ind1=" " ind2=" ">
    <subfield code="a">IMPUESTOS</subfield>
  </datafield>
  <datafield tag="856" ind1="4" ind2="1">
    <subfield code="u">https://biblioeco.unsa.edu.ar/pmb/images/revistas/Ejecutivo de Finanzas.jpg</subfield>
    <subfield code="y">Imagen de portada</subfield>
    <subfield code="q">image/jpeg</subfield>
  </datafield>
  <datafield tag="999" ind1=" " ind2=" ">
    <subfield code="c">8400</subfield>
    <subfield code="d">8400</subfield>
  </datafield>
  <datafield tag="952" ind1=" " ind2=" ">
    <subfield code="0">0</subfield>
    <subfield code="1">0</subfield>
    <subfield code="4">0</subfield>
    <subfield code="7">0</subfield>
    <subfield code="a">BCEJYS</subfield>
    <subfield code="b">BCEJYS</subfield>
    <subfield code="c">13</subfield>
    <subfield code="d">1997-10-01</subfield>
    <subfield code="h">A&#xF1;o 13, N&#xBA; 140 - oct. 1997</subfield>
    <subfield code="l">0</subfield>
    <subfield code="o">H336 EJE 140</subfield>
    <subfield code="p">R20801</subfield>
    <subfield code="r">2026-04-10 16:06:33</subfield>
    <subfield code="w">2026-04-10</subfield>
    <subfield code="y">RN</subfield>
  </datafield>
  <datafield tag="952" ind1=" " ind2=" ">
    <subfield code="0">0</subfield>
    <subfield code="1">0</subfield>
    <subfield code="4">0</subfield>
    <subfield code="7">0</subfield>
    <subfield code="a">BCEJYS</subfield>
    <subfield code="b">BCEJYS</subfield>
    <subfield code="c">13</subfield>
    <subfield code="d">1997-09-01</subfield>
    <subfield code="h">A&#xF1;o 13, N&#xBA; 139 - sep. 1997</subfield>
    <subfield code="l">0</subfield>
    <subfield code="o">H336 EJE 139</subfield>
    <subfield code="p">R20800</subfield>
    <subfield code="r">2026-04-10 16:06:33</subfield>
    <subfield code="w">2026-04-10</subfield>
    <subfield code="y">RN</subfield>
  </datafield>
  <datafield tag="952" ind1=" " ind2=" ">
    <subfield code="0">0</subfield>
    <subfield code="1">0</subfield>
    <subfield code="4">0</subfield>
    <subfield code="7">0</subfield>
    <subfield code="a">BCEJYS</subfield>
    <subfield code="b">BCEJYS</subfield>
    <subfield code="c">13</subfield>
    <subfield code="d">1997-08-01</subfield>
    <subfield code="h">A&#xF1;o 13, N&#xBA; 138 - ago. 1997</subfield>
    <subfield code="l">0</subfield>
    <subfield code="o">H336 EJE 138</subfield>
    <subfield code="p">R20799</subfield>
    <subfield code="r">2026-04-10 16:06:33</subfield>
    <subfield code="w">2026-04-10</subfield>
    <subfield code="y">RN</subfield>
  </datafield>
  <datafield tag="952" ind1=" " ind2=" ">
    <subfield code="0">0</subfield>
    <subfield code="1">0</subfield>
    <subfield code="4">0</subfield>
    <subfield code="7">0</subfield>
    <subfield code="a">BCEJYS</subfield>
    <subfield code="b">BCEJYS</subfield>
    <subfield code="c">17</subfield>
    <subfield code="d">1997-07-01</subfield>
    <subfield code="h">A&#xF1;o 13, N&#xBA; 137 - jul. 1997</subfield>
    <subfield code="l">0</subfield>
    <subfield code="o">H336 EJE 137</subfield>
    <subfield code="p">R03933</subfield>
    <subfield code="r">2026-04-10 16:06:33</subfield>
    <subfield code="w">2026-04-10</subfield>
    <subfield code="y">RN</subfield>
  </datafield>
  <datafield tag="952" ind1=" " ind2=" ">
    <subfield code="0">0</subfield>
    <subfield code="1">0</subfield>
    <subfield code="4">0</subfield>
    <subfield code="7">0</subfield>
    <subfield code="a">BCEJYS</subfield>
    <subfield code="b">BCEJYS</subfield>
    <subfield code="c">13</subfield>
    <subfield code="d">1997-05-01</subfield>
    <subfield code="h">A&#xF1;o 13, N&#xBA; 135 - mayo 1997</subfield>
    <subfield code="l">0</subfield>
    <subfield code="o">H336 EJE 135</subfield>
    <subfield code="p">R20798</subfield>
    <subfield code="r">2026-04-10 16:06:33</subfield>
    <subfield code="w">2026-04-10</subfield>
    <subfield code="y">RN</subfield>
  </datafield>
  <datafield tag="952" ind1=" " ind2=" ">
    <subfield code="0">0</subfield>
    <subfield code="1">0</subfield>
    <subfield code="4">0</subfield>
    <subfield code="7">0</subfield>
    <subfield code="a">BCEJYS</subfield>
    <subfield code="b">BCEJYS</subfield>
    <subfield code="c">13</subfield>
    <subfield code="d">1997-04-01</subfield>
    <subfield code="h">A&#xF1;o 13, N&#xBA; 134 - abr. 1997</subfield>
    <subfield code="l">0</subfield>
    <subfield code="o">H336 EJE 134</subfield>
    <subfield code="p">R20797</subfield>
    <subfield code="r">2026-04-10 16:06:33</subfield>
    <subfield code="w">2026-04-10</subfield>
    <subfield code="y">RN</subfield>
  </datafield>
  <datafield tag="952" ind1=" " ind2=" ">
    <subfield code="0">0</subfield>
    <subfield code="1">0</subfield>
    <subfield code="4">0</subfield>
    <subfield code="7">0</subfield>
    <subfield code="a">BCEJYS</subfield>
    <subfield code="b">BCEJYS</subfield>
    <subfield code="c">13</subfield>
    <subfield code="d">1997-03-01</subfield>
    <subfield code="h">A&#xF1;o 13, N&#xBA; 133 - mar. 1997</subfield>
    <subfield code="l">0</subfield>
    <subfield code="o">H336 EJE 133</subfield>
    <subfield code="p">R20796</subfield>
    <subfield code="r">2026-04-10 16:06:33</subfield>
    <subfield code="w">2026-04-10</subfield>
    <subfield code="y">RN</subfield>
  </datafield>
  <datafield tag="952" ind1=" " ind2=" ">
    <subfield code="0">0</subfield>
    <subfield code="1">0</subfield>
    <subfield code="4">0</subfield>
    <subfield code="7">0</subfield>
    <subfield code="a">BCEJYS</subfield>
    <subfield code="b">BCEJYS</subfield>
    <subfield code="c">13</subfield>
    <subfield code="d">1996-12-01</subfield>
    <subfield code="h">A&#xF1;o 12, N&#xBA; 132 - dic. 1996</subfield>
    <subfield code="l">0</subfield>
    <subfield code="o">H336 EJE 132</subfield>
    <subfield code="p">R20795</subfield>
    <subfield code="r">2026-04-10 16:06:33</subfield>
    <subfield code="w">2026-04-10</subfield>
    <subfield code="y">RN</subfield>
  </datafield>
  <datafield tag="952" ind1=" " ind2=" ">
    <subfield code="0">0</subfield>
    <subfield code="1">0</subfield>
    <subfield code="4">0</subfield>
    <subfield code="7">0</subfield>
    <subfield code="a">BCEJYS</subfield>
    <subfield code="b">BCEJYS</subfield>
    <subfield code="c">13</subfield>
    <subfield code="d">1996-11-01</subfield>
    <subfield code="h">A&#xF1;o 12, N&#xBA; 131 - nov. 1996</subfield>
    <subfield code="l">0</subfield>
    <subfield code="o">H336 EJE 131</subfield>
    <subfield code="p">R20794</subfield>
    <subfield code="r">2026-04-10 16:06:33</subfield>
    <subfield code="w">2026-04-10</subfield>
    <subfield code="y">RN</subfield>
  </datafield>
  <datafield tag="952" ind1=" " ind2=" ">
    <subfield code="0">0</subfield>
    <subfield code="1">0</subfield>
    <subfield code="4">0</subfield>
    <subfield code="7">0</subfield>
    <subfield code="a">BCEJYS</subfield>
    <subfield code="b">BCEJYS</subfield>
    <subfield code="c">13</subfield>
    <subfield code="d">1996-10-01</subfield>
    <subfield code="h">A&#xF1;o 12, N&#xBA; 130 - oct. 1996</subfield>
    <subfield code="l">0</subfield>
    <subfield code="o">H336 EJE 130</subfield>
    <subfield code="p">R20793</subfield>
    <subfield code="r">2026-04-10 16:06:33</subfield>
    <subfield code="w">2026-04-10</subfield>
    <subfield code="y">RN</subfield>
  </datafield>
  <datafield tag="952" ind1=" " ind2=" ">
    <subfield code="0">0</subfield>
    <subfield code="1">0</subfield>
    <subfield code="4">0</subfield>
    <subfield code="7">0</subfield>
    <subfield code="a">BCEJYS</subfield>
    <subfield code="b">BCEJYS</subfield>
    <subfield code="c">13</subfield>
    <subfield code="d">1996-09-01</subfield>
    <subfield code="h">A&#xF1;o 12, N&#xBA; 129 - sep. 1996</subfield>
    <subfield code="l">0</subfield>
    <subfield code="o">H336 EJE 129</subfield>
    <subfield code="p">R20792</subfield>
    <subfield code="r">2026-04-10 16:06:33</subfield>
    <subfield code="w">2026-04-10</subfield>
    <subfield code="y">RN</subfield>
  </datafield>
  <datafield tag="952" ind1=" " ind2=" ">
    <subfield code="0">0</subfield>
    <subfield code="1">0</subfield>
    <subfield code="4">0</subfield>
    <subfield code="7">0</subfield>
    <subfield code="a">BCEJYS</subfield>
    <subfield code="b">BCEJYS</subfield>
    <subfield code="c">17</subfield>
    <subfield code="d">1996-08-01</subfield>
    <subfield code="h">A&#xF1;o 12, N&#xBA; 128 - ago. 1996</subfield>
    <subfield code="l">0</subfield>
    <subfield code="o">H336 EJE 128</subfield>
    <subfield code="p">R03932</subfield>
    <subfield code="r">2026-04-10 16:06:33</subfield>
    <subfield code="w">2026-04-10</subfield>
    <subfield code="y">RN</subfield>
  </datafield>
  <datafield tag="952" ind1=" " ind2=" ">
    <subfield code="0">0</subfield>
    <subfield code="1">0</subfield>
    <subfield code="4">0</subfield>
    <subfield code="7">0</subfield>
    <subfield code="a">BCEJYS</subfield>
    <subfield code="b">BCEJYS</subfield>
    <subfield code="c">13</subfield>
    <subfield code="d">1996-07-01</subfield>
    <subfield code="h">A&#xF1;o 12, N&#xBA; 127 - jul. 1996</subfield>
    <subfield code="l">0</subfield>
    <subfield code="o">H336 EJE 127</subfield>
    <subfield code="p">R20791</subfield>
    <subfield code="r">2026-04-10 16:06:33</subfield>
    <subfield code="w">2026-04-10</subfield>
    <subfield code="y">RN</subfield>
  </datafield>
  <datafield tag="952" ind1=" " ind2=" ">
    <subfield code="0">0</subfield>
    <subfield code="1">0</subfield>
    <subfield code="4">0</subfield>
    <subfield code="7">0</subfield>
    <subfield code="a">BCEJYS</subfield>
    <subfield code="b">BCEJYS</subfield>
    <subfield code="c">13</subfield>
    <subfield code="d">1996-06-01</subfield>
    <subfield code="h">A&#xF1;o 12, N&#xBA; 126 - jun. 1996</subfield>
    <subfield code="l">0</subfield>
    <subfield code="o">H336 EJE 126</subfield>
    <subfield code="p">R20790</subfield>
    <subfield code="r">2026-04-10 16:06:33</subfield>
    <subfield code="w">2026-04-10</subfield>
    <subfield code="y">RN</subfield>
  </datafield>
  <datafield tag="952" ind1=" " ind2=" ">
    <subfield code="0">0</subfield>
    <subfield code="1">0</subfield>
    <subfield code="4">0</subfield>
    <subfield code="7">0</subfield>
    <subfield code="a">BCEJYS</subfield>
    <subfield code="b">BCEJYS</subfield>
    <subfield code="c">13</subfield>
    <subfield code="d">1996-04-01</subfield>
    <subfield code="h">A&#xF1;o 12, N&#xBA; 124 - abr. 1996</subfield>
    <subfield code="l">0</subfield>
    <subfield code="o">H336 EJE 124</subfield>
    <subfield code="p">R20789</subfield>
    <subfield code="r">2026-04-10 16:06:33</subfield>
    <subfield code="w">2026-04-10</subfield>
    <subfield code="y">RN</subfield>
  </datafield>
  <datafield tag="952" ind1=" " ind2=" ">
    <subfield code="0">0</subfield>
    <subfield code="1">0</subfield>
    <subfield code="4">0</subfield>
    <subfield code="7">0</subfield>
    <subfield code="a">BCEJYS</subfield>
    <subfield code="b">BCEJYS</subfield>
    <subfield code="c">13</subfield>
    <subfield code="d">1996-03-01</subfield>
    <subfield code="h">A&#xF1;o 12, N&#xBA; 123 - mar. 1996</subfield>
    <subfield code="l">0</subfield>
    <subfield code="o">H336 EJE 123</subfield>
    <subfield code="p">R20788</subfield>
    <subfield code="r">2026-04-10 16:06:33</subfield>
    <subfield code="w">2026-04-10</subfield>
    <subfield code="y">RN</subfield>
  </datafield>
  <datafield tag="952" ind1=" " ind2=" ">
    <subfield code="0">0</subfield>
    <subfield code="1">0</subfield>
    <subfield code="4">0</subfield>
    <subfield code="7">0</subfield>
    <subfield code="a">BCEJYS</subfield>
    <subfield code="b">BCEJYS</subfield>
    <subfield code="c">13</subfield>
    <subfield code="d">1995-12-01</subfield>
    <subfield code="h">A&#xF1;o 11, N&#xBA; 122 - dic. 1995</subfield>
    <subfield code="l">0</subfield>
    <subfield code="o">H336 EJE 122</subfield>
    <subfield code="p">R20787</subfield>
    <subfield code="r">2026-04-10 16:06:33</subfield>
    <subfield code="w">2026-04-10</subfield>
    <subfield code="y">RN</subfield>
  </datafield>
  <datafield tag="952" ind1=" " ind2=" ">
    <subfield code="0">0</subfield>
    <subfield code="1">0</subfield>
    <subfield code="4">0</subfield>
    <subfield code="7">0</subfield>
    <subfield code="a">BCEJYS</subfield>
    <subfield code="b">BCEJYS</subfield>
    <subfield code="c">13</subfield>
    <subfield code="d">1995-11-01</subfield>
    <subfield code="h">A&#xF1;o 11, N&#xBA; 121 - nov. 1995</subfield>
    <subfield code="l">0</subfield>
    <subfield code="o">H336 EJE 121</subfield>
    <subfield code="p">R20786</subfield>
    <subfield code="r">2026-04-10 16:06:33</subfield>
    <subfield code="w">2026-04-10</subfield>
    <subfield code="y">RN</subfield>
  </datafield>
  <datafield tag="952" ind1=" " ind2=" ">
    <subfield code="0">0</subfield>
    <subfield code="1">0</subfield>
    <subfield code="4">0</subfield>
    <subfield code="7">0</subfield>
    <subfield code="a">BCEJYS</subfield>
    <subfield code="b">BCEJYS</subfield>
    <subfield code="c">13</subfield>
    <subfield code="d">1995-10-01</subfield>
    <subfield code="h">A&#xF1;o 11, N&#xBA; 120 - oct. 1995</subfield>
    <subfield code="l">0</subfield>
    <subfield code="o">H336 EJE 120</subfield>
    <subfield code="p">R20777</subfield>
    <subfield code="r">2026-04-10 16:06:33</subfield>
    <subfield code="w">2026-04-10</subfield>
    <subfield code="y">RN</subfield>
  </datafield>
  <datafield tag="952" ind1=" " ind2=" ">
    <subfield code="0">0</subfield>
    <subfield code="1">0</subfield>
    <subfield code="4">0</subfield>
    <subfield code="7">0</subfield>
    <subfield code="a">BCEJYS</subfield>
    <subfield code="b">BCEJYS</subfield>
    <subfield code="c">17</subfield>
    <subfield code="d">1991-09-01</subfield>
    <subfield code="h">A&#xF1;o 9, N&#xBA; 79 - nov. 1991</subfield>
    <subfield code="l">0</subfield>
    <subfield code="o">H336 EJE 79</subfield>
    <subfield code="p">R04017</subfield>
    <subfield code="r">2026-04-10 16:06:33</subfield>
    <subfield code="w">2026-04-10</subfield>
    <subfield code="y">RN</subfield>
  </datafield>
  <datafield tag="952" ind1=" " ind2=" ">
    <subfield code="0">0</subfield>
    <subfield code="1">0</subfield>
    <subfield code="4">0</subfield>
    <subfield code="7">0</subfield>
    <subfield code="a">BCEJYS</subfield>
    <subfield code="b">BCEJYS</subfield>
    <subfield code="c">17</subfield>
    <subfield code="d">1991-08-01</subfield>
    <subfield code="h">A&#xF1;o 8, N&#xBA; 78 - ago. 1991</subfield>
    <subfield code="l">0</subfield>
    <subfield code="o">H336 EJE 78</subfield>
    <subfield code="p">R04016</subfield>
    <subfield code="r">2026-04-10 16:06:33</subfield>
    <subfield code="w">2026-04-10</subfield>
    <subfield code="y">RN</subfield>
  </datafield>
  <datafield tag="952" ind1=" " ind2=" ">
    <subfield code="0">0</subfield>
    <subfield code="1">0</subfield>
    <subfield code="4">0</subfield>
    <subfield code="7">0</subfield>
    <subfield code="a">BCEJYS</subfield>
    <subfield code="b">BCEJYS</subfield>
    <subfield code="c">17</subfield>
    <subfield code="d">1991-07-01</subfield>
    <subfield code="h">A&#xF1;o 8, N&#xBA; 77 - jul. 1991</subfield>
    <subfield code="l">0</subfield>
    <subfield code="o">H336 EJE 77</subfield>
    <subfield code="p">R04015</subfield>
    <subfield code="r">2026-04-10 16:06:33</subfield>
    <subfield code="w">2026-04-10</subfield>
    <subfield code="y">RN</subfield>
  </datafield>
  <datafield tag="952" ind1=" " ind2=" ">
    <subfield code="0">0</subfield>
    <subfield code="1">0</subfield>
    <subfield code="4">0</subfield>
    <subfield code="7">0</subfield>
    <subfield code="a">BCEJYS</subfield>
    <subfield code="b">BCEJYS</subfield>
    <subfield code="c">17</subfield>
    <subfield code="d">1991-06-01</subfield>
    <subfield code="h">A&#xF1;o 8, N&#xBA; 76 - jun. 1991</subfield>
    <subfield code="l">0</subfield>
    <subfield code="o">H336 EJE 76</subfield>
    <subfield code="p">R04014</subfield>
    <subfield code="r">2026-04-10 16:06:33</subfield>
    <subfield code="w">2026-04-10</subfield>
    <subfield code="y">RN</subfield>
  </datafield>
  <datafield tag="952" ind1=" " ind2=" ">
    <subfield code="0">0</subfield>
    <subfield code="1">0</subfield>
    <subfield code="4">0</subfield>
    <subfield code="7">0</subfield>
    <subfield code="a">BCEJYS</subfield>
    <subfield code="b">BCEJYS</subfield>
    <subfield code="c">17</subfield>
    <subfield code="d">1991-05-01</subfield>
    <subfield code="h">A&#xF1;o 8, N&#xBA; 75 - may. 1991</subfield>
    <subfield code="l">0</subfield>
    <subfield code="o">H336 EJE 75</subfield>
    <subfield code="p">R04013</subfield>
    <subfield code="r">2026-04-10 16:06:33</subfield>
    <subfield code="w">2026-04-10</subfield>
    <subfield code="y">RN</subfield>
  </datafield>
  <datafield tag="952" ind1=" " ind2=" ">
    <subfield code="0">0</subfield>
    <subfield code="1">0</subfield>
    <subfield code="4">0</subfield>
    <subfield code="7">0</subfield>
    <subfield code="a">BCEJYS</subfield>
    <subfield code="b">BCEJYS</subfield>
    <subfield code="c">17</subfield>
    <subfield code="d">1991-04-01</subfield>
    <subfield code="h">A&#xF1;o 8, N&#xBA; 74 - abr. 1991</subfield>
    <subfield code="l">0</subfield>
    <subfield code="o">H336 EJE 74</subfield>
    <subfield code="p">R04012</subfield>
    <subfield code="r">2026-04-10 16:06:33</subfield>
    <subfield code="w">2026-04-10</subfield>
    <subfield code="y">RN</subfield>
  </datafield>
  <datafield tag="952" ind1=" " ind2=" ">
    <subfield code="0">0</subfield>
    <subfield code="1">0</subfield>
    <subfield code="4">0</subfield>
    <subfield code="7">0</subfield>
    <subfield code="a">BCEJYS</subfield>
    <subfield code="b">BCEJYS</subfield>
    <subfield code="c">17</subfield>
    <subfield code="d">1991-02-01</subfield>
    <subfield code="h">A&#xF1;o 8, N&#xBA; 73 - feb. 1991</subfield>
    <subfield code="l">0</subfield>
    <subfield code="o">H336 EJE 73</subfield>
    <subfield code="p">R03922</subfield>
    <subfield code="r">2026-04-10 16:06:33</subfield>
    <subfield code="w">2026-04-10</subfield>
    <subfield code="y">RN</subfield>
  </datafield>
  <datafield tag="952" ind1=" " ind2=" ">
    <subfield code="0">0</subfield>
    <subfield code="1">0</subfield>
    <subfield code="4">0</subfield>
    <subfield code="7">0</subfield>
    <subfield code="a">BCEJYS</subfield>
    <subfield code="b">BCEJYS</subfield>
    <subfield code="c">17</subfield>
    <subfield code="d">1990-12-01</subfield>
    <subfield code="h">A&#xF1;o 8, N&#xBA; 72 - dic. 1990</subfield>
    <subfield code="l">0</subfield>
    <subfield code="o">H336 EJE 72</subfield>
    <subfield code="p">R03917</subfield>
    <subfield code="r">2026-04-10 16:06:33</subfield>
    <subfield code="w">2026-04-10</subfield>
    <subfield code="y">RN</subfield>
  </datafield>
  <datafield tag="952" ind1=" " ind2=" ">
    <subfield code="0">0</subfield>
    <subfield code="1">0</subfield>
    <subfield code="4">0</subfield>
    <subfield code="7">0</subfield>
    <subfield code="a">BCEJYS</subfield>
    <subfield code="b">BCEJYS</subfield>
    <subfield code="c">17</subfield>
    <subfield code="d">1990-11-01</subfield>
    <subfield code="h">A&#xF1;o 8, N&#xBA; 71 - nov. 1990</subfield>
    <subfield code="l">0</subfield>
    <subfield code="o">H336 EJE 71</subfield>
    <subfield code="p">R04011</subfield>
    <subfield code="r">2026-04-10 16:06:33</subfield>
    <subfield code="w">2026-04-10</subfield>
    <subfield code="y">RN</subfield>
  </datafield>
  <datafield tag="952" ind1=" " ind2=" ">
    <subfield code="0">0</subfield>
    <subfield code="1">0</subfield>
    <subfield code="4">0</subfield>
    <subfield code="7">0</subfield>
    <subfield code="a">BCEJYS</subfield>
    <subfield code="b">BCEJYS</subfield>
    <subfield code="c">17</subfield>
    <subfield code="d">1990-10-01</subfield>
    <subfield code="h">A&#xF1;o 8, N&#xAA; 70 - oct. 1990</subfield>
    <subfield code="l">0</subfield>
    <subfield code="o">H336 EJE 70</subfield>
    <subfield code="p">R04010</subfield>
    <subfield code="r">2026-04-10 16:06:33</subfield>
    <subfield code="w">2026-04-10</subfield>
    <subfield code="y">RN</subfield>
  </datafield>
  <datafield tag="952" ind1=" " ind2=" ">
    <subfield code="0">0</subfield>
    <subfield code="1">0</subfield>
    <subfield code="4">0</subfield>
    <subfield code="7">0</subfield>
    <subfield code="a">BCEJYS</subfield>
    <subfield code="b">BCEJYS</subfield>
    <subfield code="c">17</subfield>
    <subfield code="d">1990-09-01</subfield>
    <subfield code="h">A&#xF1;o 8, N&#xAA; 69 - set. 1990</subfield>
    <subfield code="l">0</subfield>
    <subfield code="o">H336 EJE 69</subfield>
    <subfield code="p">R04009</subfield>
    <subfield code="r">2026-04-10 16:06:33</subfield>
    <subfield code="w">2026-04-10</subfield>
    <subfield code="y">RN</subfield>
  </datafield>
  <datafield tag="952" ind1=" " ind2=" ">
    <subfield code="0">0</subfield>
    <subfield code="1">0</subfield>
    <subfield code="4">0</subfield>
    <subfield code="7">0</subfield>
    <subfield code="a">BCEJYS</subfield>
    <subfield code="b">BCEJYS</subfield>
    <subfield code="c">17</subfield>
    <subfield code="d">1990-08-01</subfield>
    <subfield code="h">A&#xF1;o 7, N&#xBA; 68 - ago. 1990</subfield>
    <subfield code="l">0</subfield>
    <subfield code="o">H336 EJE 68</subfield>
    <subfield code="p">R04008</subfield>
    <subfield code="r">2026-04-10 16:06:33</subfield>
    <subfield code="w">2026-04-10</subfield>
    <subfield code="y">RN</subfield>
  </datafield>
  <datafield tag="952" ind1=" " ind2=" ">
    <subfield code="0">0</subfield>
    <subfield code="1">0</subfield>
    <subfield code="4">0</subfield>
    <subfield code="7">0</subfield>
    <subfield code="a">BCEJYS</subfield>
    <subfield code="b">BCEJYS</subfield>
    <subfield code="c">17</subfield>
    <subfield code="d">1990-07-01</subfield>
    <subfield code="h">A&#xF1;o 7, N&#xBA; 67 - jul. 1990</subfield>
    <subfield code="l">0</subfield>
    <subfield code="o">H336 EJE 67</subfield>
    <subfield code="p">R03914</subfield>
    <subfield code="r">2026-04-10 16:06:33</subfield>
    <subfield code="w">2026-04-10</subfield>
    <subfield code="y">RN</subfield>
  </datafield>
  <datafield tag="952" ind1=" " ind2=" ">
    <subfield code="0">0</subfield>
    <subfield code="1">0</subfield>
    <subfield code="4">0</subfield>
    <subfield code="7">0</subfield>
    <subfield code="a">BCEJYS</subfield>
    <subfield code="b">BCEJYS</subfield>
    <subfield code="c">17</subfield>
    <subfield code="d">1990-06-01</subfield>
    <subfield code="h">A&#xF1;o 7, N&#xBA; 66 - jun. 1990</subfield>
    <subfield code="l">0</subfield>
    <subfield code="o">H336 EJE 66</subfield>
    <subfield code="p">R03912</subfield>
    <subfield code="r">2026-04-10 16:06:33</subfield>
    <subfield code="w">2026-04-10</subfield>
    <subfield code="y">RN</subfield>
  </datafield>
  <datafield tag="952" ind1=" " ind2=" ">
    <subfield code="0">0</subfield>
    <subfield code="1">0</subfield>
    <subfield code="4">0</subfield>
    <subfield code="7">0</subfield>
    <subfield code="a">BCEJYS</subfield>
    <subfield code="b">BCEJYS</subfield>
    <subfield code="c">17</subfield>
    <subfield code="d">1990-05-01</subfield>
    <subfield code="h">A&#xF1;o 7, N&#xBA; 65 - may. 1990</subfield>
    <subfield code="l">0</subfield>
    <subfield code="o">H336 EJE 65</subfield>
    <subfield code="p">R03909</subfield>
    <subfield code="r">2026-04-10 16:06:33</subfield>
    <subfield code="w">2026-04-10</subfield>
    <subfield code="y">RN</subfield>
  </datafield>
  <datafield tag="952" ind1=" " ind2=" ">
    <subfield code="0">0</subfield>
    <subfield code="1">0</subfield>
    <subfield code="4">0</subfield>
    <subfield code="7">0</subfield>
    <subfield code="a">BCEJYS</subfield>
    <subfield code="b">BCEJYS</subfield>
    <subfield code="c">17</subfield>
    <subfield code="d">1990-02-01</subfield>
    <subfield code="h">A&#xF1;o 7, N&#xBA; 63 - feb./mar. 1990</subfield>
    <subfield code="l">0</subfield>
    <subfield code="o">H336 EJE 63</subfield>
    <subfield code="p">R03931</subfield>
    <subfield code="r">2026-04-10 16:06:33</subfield>
    <subfield code="w">2026-04-10</subfield>
    <subfield code="y">RN</subfield>
  </datafield>
  <datafield tag="952" ind1=" " ind2=" ">
    <subfield code="0">0</subfield>
    <subfield code="1">0</subfield>
    <subfield code="4">0</subfield>
    <subfield code="7">0</subfield>
    <subfield code="a">BCEJYS</subfield>
    <subfield code="b">BCEJYS</subfield>
    <subfield code="c">17</subfield>
    <subfield code="d">1989-12-01</subfield>
    <subfield code="h">A&#xF1;o 7, N&#xBA; 62 - dic. 1989</subfield>
    <subfield code="l">0</subfield>
    <subfield code="o">H336 EJE 62</subfield>
    <subfield code="p">R04007</subfield>
    <subfield code="r">2026-04-10 16:06:33</subfield>
    <subfield code="w">2026-04-10</subfield>
    <subfield code="y">RN</subfield>
  </datafield>
  <datafield tag="952" ind1=" " ind2=" ">
    <subfield code="0">0</subfield>
    <subfield code="1">0</subfield>
    <subfield code="4">0</subfield>
    <subfield code="7">0</subfield>
    <subfield code="a">BCEJYS</subfield>
    <subfield code="b">BCEJYS</subfield>
    <subfield code="c">17</subfield>
    <subfield code="d">1989-11-01</subfield>
    <subfield code="h">A&#xF1;o 7, N&#xBA; 61 - nov. 1989</subfield>
    <subfield code="l">0</subfield>
    <subfield code="o">H336 EJE 61</subfield>
    <subfield code="p">R04006</subfield>
    <subfield code="r">2026-04-10 16:06:33</subfield>
    <subfield code="w">2026-04-10</subfield>
    <subfield code="y">RN</subfield>
  </datafield>
  <datafield tag="952" ind1=" " ind2=" ">
    <subfield code="0">0</subfield>
    <subfield code="1">0</subfield>
    <subfield code="4">0</subfield>
    <subfield code="7">0</subfield>
    <subfield code="a">BCEJYS</subfield>
    <subfield code="b">BCEJYS</subfield>
    <subfield code="c">17</subfield>
    <subfield code="d">1989-10-01</subfield>
    <subfield code="h">A&#xF1;o 7, N&#xBA; 60 - oct. 1989</subfield>
    <subfield code="l">0</subfield>
    <subfield code="o">H336 EJE 60</subfield>
    <subfield code="p">R04005</subfield>
    <subfield code="r">2026-04-10 16:06:33</subfield>
    <subfield code="w">2026-04-10</subfield>
    <subfield code="y">RN</subfield>
  </datafield>
  <datafield tag="952" ind1=" " ind2=" ">
    <subfield code="0">0</subfield>
    <subfield code="1">0</subfield>
    <subfield code="4">0</subfield>
    <subfield code="7">0</subfield>
    <subfield code="a">BCEJYS</subfield>
    <subfield code="b">BCEJYS</subfield>
    <subfield code="c">17</subfield>
    <subfield code="d">1989-09-01</subfield>
    <subfield code="h">A&#xF1;o 7, N&#xBA; 59 - sep. 1989</subfield>
    <subfield code="l">0</subfield>
    <subfield code="o">H336 EJE 59</subfield>
    <subfield code="p">R03930</subfield>
    <subfield code="r">2026-04-10 16:06:33</subfield>
    <subfield code="w">2026-04-10</subfield>
    <subfield code="y">RN</subfield>
  </datafield>
  <datafield tag="952" ind1=" " ind2=" ">
    <subfield code="0">0</subfield>
    <subfield code="1">0</subfield>
    <subfield code="4">0</subfield>
    <subfield code="7">0</subfield>
    <subfield code="a">BCEJYS</subfield>
    <subfield code="b">BCEJYS</subfield>
    <subfield code="c">17</subfield>
    <subfield code="d">1989-08-01</subfield>
    <subfield code="h">A&#xF1;o 7, N&#xBA; 58 - ago. 1989</subfield>
    <subfield code="l">0</subfield>
    <subfield code="o">H336 EJE 58</subfield>
    <subfield code="p">R04004</subfield>
    <subfield code="r">2026-04-10 16:06:33</subfield>
    <subfield code="w">2026-04-10</subfield>
    <subfield code="y">RN</subfield>
  </datafield>
  <datafield tag="952" ind1=" " ind2=" ">
    <subfield code="0">0</subfield>
    <subfield code="1">0</subfield>
    <subfield code="4">0</subfield>
    <subfield code="7">0</subfield>
    <subfield code="a">BCEJYS</subfield>
    <subfield code="b">BCEJYS</subfield>
    <subfield code="c">17</subfield>
    <subfield code="d">1989-07-01</subfield>
    <subfield code="h">A&#xF1;o 7, N&#xBA; 57 - jul. 1989</subfield>
    <subfield code="l">0</subfield>
    <subfield code="o">H336 EJE 57</subfield>
    <subfield code="p">R04003</subfield>
    <subfield code="r">2026-04-10 16:06:33</subfield>
    <subfield code="w">2026-04-10</subfield>
    <subfield code="y">RN</subfield>
  </datafield>
  <datafield tag="952" ind1=" " ind2=" ">
    <subfield code="0">0</subfield>
    <subfield code="1">0</subfield>
    <subfield code="4">0</subfield>
    <subfield code="7">0</subfield>
    <subfield code="a">BCEJYS</subfield>
    <subfield code="b">BCEJYS</subfield>
    <subfield code="c">17</subfield>
    <subfield code="d">1989-06-01</subfield>
    <subfield code="h">A&#xF1;o 7, N&#xBA; 56 - jun. 1989</subfield>
    <subfield code="l">0</subfield>
    <subfield code="o">H336 EJE 56</subfield>
    <subfield code="p">R04002</subfield>
    <subfield code="r">2026-04-10 16:06:33</subfield>
    <subfield code="w">2026-04-10</subfield>
    <subfield code="y">RN</subfield>
  </datafield>
  <datafield tag="952" ind1=" " ind2=" ">
    <subfield code="0">0</subfield>
    <subfield code="1">0</subfield>
    <subfield code="4">0</subfield>
    <subfield code="7">0</subfield>
    <subfield code="a">BCEJYS</subfield>
    <subfield code="b">BCEJYS</subfield>
    <subfield code="c">17</subfield>
    <subfield code="d">1989-05-01</subfield>
    <subfield code="h">A&#xF1;o 7, N&#xBA; 55 - may. 1989</subfield>
    <subfield code="l">0</subfield>
    <subfield code="o">H336 EJE 55</subfield>
    <subfield code="p">R04001</subfield>
    <subfield code="r">2026-04-10 16:06:33</subfield>
    <subfield code="w">2026-04-10</subfield>
    <subfield code="y">RN</subfield>
  </datafield>
  <datafield tag="952" ind1=" " ind2=" ">
    <subfield code="0">0</subfield>
    <subfield code="1">0</subfield>
    <subfield code="4">0</subfield>
    <subfield code="7">0</subfield>
    <subfield code="a">BCEJYS</subfield>
    <subfield code="b">BCEJYS</subfield>
    <subfield code="c">17</subfield>
    <subfield code="d">1989-04-01</subfield>
    <subfield code="h">A&#xF1;o 7, N&#xBA; 54 - abr. 1989</subfield>
    <subfield code="l">0</subfield>
    <subfield code="o">H336 EJE 54</subfield>
    <subfield code="p">R04000</subfield>
    <subfield code="r">2026-04-10 16:06:33</subfield>
    <subfield code="w">2026-04-10</subfield>
    <subfield code="y">RN</subfield>
  </datafield>
  <datafield tag="952" ind1=" " ind2=" ">
    <subfield code="0">0</subfield>
    <subfield code="1">0</subfield>
    <subfield code="4">0</subfield>
    <subfield code="7">0</subfield>
    <subfield code="a">BCEJYS</subfield>
    <subfield code="b">BCEJYS</subfield>
    <subfield code="c">17</subfield>
    <subfield code="d">1989-03-01</subfield>
    <subfield code="h">A&#xF1;o 7, N&#xBA; 53 - mar. 1989</subfield>
    <subfield code="l">0</subfield>
    <subfield code="o">H336 EJE 53</subfield>
    <subfield code="p">R03929</subfield>
    <subfield code="r">2026-04-10 16:06:33</subfield>
    <subfield code="w">2026-04-10</subfield>
    <subfield code="y">RN</subfield>
  </datafield>
  <datafield tag="952" ind1=" " ind2=" ">
    <subfield code="0">0</subfield>
    <subfield code="1">0</subfield>
    <subfield code="4">0</subfield>
    <subfield code="7">0</subfield>
    <subfield code="a">BCEJYS</subfield>
    <subfield code="b">BCEJYS</subfield>
    <subfield code="c">17</subfield>
    <subfield code="d">1988-12-01</subfield>
    <subfield code="h">A&#xF1;o 6, N&#xBA; 52 - dic. 1988</subfield>
    <subfield code="l">0</subfield>
    <subfield code="o">H336 EJE 52</subfield>
    <subfield code="p">R03459</subfield>
    <subfield code="r">2026-04-10 16:06:33</subfield>
    <subfield code="w">2026-04-10</subfield>
    <subfield code="y">RN</subfield>
  </datafield>
  <datafield tag="952" ind1=" " ind2=" ">
    <subfield code="0">0</subfield>
    <subfield code="1">0</subfield>
    <subfield code="4">0</subfield>
    <subfield code="7">0</subfield>
    <subfield code="a">BCEJYS</subfield>
    <subfield code="b">BCEJYS</subfield>
    <subfield code="c">17</subfield>
    <subfield code="d">1988-11-01</subfield>
    <subfield code="h">A&#xF1;o 6, N&#xBA; 51 - nov. 1988</subfield>
    <subfield code="l">0</subfield>
    <subfield code="o">H336 EJE 51</subfield>
    <subfield code="p">R03458</subfield>
    <subfield code="r">2026-04-10 16:06:33</subfield>
    <subfield code="w">2026-04-10</subfield>
    <subfield code="y">RN</subfield>
  </datafield>
  <datafield tag="952" ind1=" " ind2=" ">
    <subfield code="0">0</subfield>
    <subfield code="1">0</subfield>
    <subfield code="4">0</subfield>
    <subfield code="7">0</subfield>
    <subfield code="a">BCEJYS</subfield>
    <subfield code="b">BCEJYS</subfield>
    <subfield code="c">17</subfield>
    <subfield code="d">1988-11-01</subfield>
    <subfield code="h">A&#xF1;o 6, N&#xBA; 51 - nov. 1988</subfield>
    <subfield code="l">0</subfield>
    <subfield code="o">H336 EJE 51 Ej.2</subfield>
    <subfield code="p">R03457</subfield>
    <subfield code="r">2026-04-10 16:06:33</subfield>
    <subfield code="w">2026-04-10</subfield>
    <subfield code="y">RN</subfield>
  </datafield>
  <datafield tag="952" ind1=" " ind2=" ">
    <subfield code="0">0</subfield>
    <subfield code="1">0</subfield>
    <subfield code="4">0</subfield>
    <subfield code="7">0</subfield>
    <subfield code="a">BCEJYS</subfield>
    <subfield code="b">BCEJYS</subfield>
    <subfield code="c">17</subfield>
    <subfield code="d">1988-10-01</subfield>
    <subfield code="h">A&#xF1;o 6, N&#xBA; 50 - oct. 1988</subfield>
    <subfield code="l">0</subfield>
    <subfield code="o">H336 EJE 50</subfield>
    <subfield code="p">R03456</subfield>
    <subfield code="r">2026-04-10 16:06:33</subfield>
    <subfield code="w">2026-04-10</subfield>
    <subfield code="y">RN</subfield>
  </datafield>
  <datafield tag="952" ind1=" " ind2=" ">
    <subfield code="0">0</subfield>
    <subfield code="1">0</subfield>
    <subfield code="4">0</subfield>
    <subfield code="7">0</subfield>
    <subfield code="a">BCEJYS</subfield>
    <subfield code="b">BCEJYS</subfield>
    <subfield code="c">17</subfield>
    <subfield code="d">1988-09-01</subfield>
    <subfield code="h">A&#xF1;o 6, N&#xBA; 49 - sep. 1988</subfield>
    <subfield code="l">0</subfield>
    <subfield code="o">H336 EJE 49</subfield>
    <subfield code="p">R03455</subfield>
    <subfield code="r">2026-04-10 16:06:33</subfield>
    <subfield code="w">2026-04-10</subfield>
    <subfield code="y">RN</subfield>
  </datafield>
  <datafield tag="952" ind1=" " ind2=" ">
    <subfield code="0">0</subfield>
    <subfield code="1">0</subfield>
    <subfield code="4">0</subfield>
    <subfield code="7">0</subfield>
    <subfield code="a">BCEJYS</subfield>
    <subfield code="b">BCEJYS</subfield>
    <subfield code="c">17</subfield>
    <subfield code="d">1988-08-01</subfield>
    <subfield code="h">A&#xF1;o 6, N&#xBA; 48 - ago. 1988</subfield>
    <subfield code="l">0</subfield>
    <subfield code="o">H336 EJE 48</subfield>
    <subfield code="p">R03454</subfield>
    <subfield code="r">2026-04-10 16:06:33</subfield>
    <subfield code="w">2026-04-10</subfield>
    <subfield code="y">RN</subfield>
  </datafield>
  <datafield tag="952" ind1=" " ind2=" ">
    <subfield code="0">0</subfield>
    <subfield code="1">0</subfield>
    <subfield code="4">0</subfield>
    <subfield code="7">0</subfield>
    <subfield code="a">BCEJYS</subfield>
    <subfield code="b">BCEJYS</subfield>
    <subfield code="c">17</subfield>
    <subfield code="d">1988-07-01</subfield>
    <subfield code="h">A&#xF1;o 6, N&#xBA; 47 - jul. 1988</subfield>
    <subfield code="l">0</subfield>
    <subfield code="o">H336 EJE 47</subfield>
    <subfield code="p">R03453</subfield>
    <subfield code="r">2026-04-10 16:06:33</subfield>
    <subfield code="w">2026-04-10</subfield>
    <subfield code="y">RN</subfield>
  </datafield>
  <datafield tag="952" ind1=" " ind2=" ">
    <subfield code="0">0</subfield>
    <subfield code="1">0</subfield>
    <subfield code="4">0</subfield>
    <subfield code="7">0</subfield>
    <subfield code="a">BCEJYS</subfield>
    <subfield code="b">BCEJYS</subfield>
    <subfield code="c">17</subfield>
    <subfield code="d">1988-06-01</subfield>
    <subfield code="h">A&#xF1;o 6, N&#xBA; 46 - jun. 1988</subfield>
    <subfield code="l">0</subfield>
    <subfield code="o">H336 EJE 46</subfield>
    <subfield code="p">R03452</subfield>
    <subfield code="r">2026-04-10 16:06:33</subfield>
    <subfield code="w">2026-04-10</subfield>
    <subfield code="y">RN</subfield>
  </datafield>
  <datafield tag="952" ind1=" " ind2=" ">
    <subfield code="0">0</subfield>
    <subfield code="1">0</subfield>
    <subfield code="4">0</subfield>
    <subfield code="7">0</subfield>
    <subfield code="a">BCEJYS</subfield>
    <subfield code="b">BCEJYS</subfield>
    <subfield code="c">17</subfield>
    <subfield code="d">1988-05-01</subfield>
    <subfield code="h">A&#xF1;o 6, N&#xBA; 45 - may. 1988</subfield>
    <subfield code="l">0</subfield>
    <subfield code="o">H336 EJE 45</subfield>
    <subfield code="p">R03451</subfield>
    <subfield code="r">2026-04-10 16:06:33</subfield>
    <subfield code="w">2026-04-10</subfield>
    <subfield code="y">RN</subfield>
  </datafield>
  <datafield tag="952" ind1=" " ind2=" ">
    <subfield code="0">0</subfield>
    <subfield code="1">0</subfield>
    <subfield code="4">0</subfield>
    <subfield code="7">0</subfield>
    <subfield code="a">BCEJYS</subfield>
    <subfield code="b">BCEJYS</subfield>
    <subfield code="c">17</subfield>
    <subfield code="d">1988-05-01</subfield>
    <subfield code="h">A&#xF1;o 6, N&#xBA; 45 - may. 1988</subfield>
    <subfield code="l">0</subfield>
    <subfield code="o">H336 EJE 45 Ej.2</subfield>
    <subfield code="p">R03450</subfield>
    <subfield code="r">2026-04-10 16:06:34</subfield>
    <subfield code="w">2026-04-10</subfield>
    <subfield code="y">RN</subfield>
  </datafield>
  <datafield tag="952" ind1=" " ind2=" ">
    <subfield code="0">0</subfield>
    <subfield code="1">0</subfield>
    <subfield code="4">0</subfield>
    <subfield code="7">0</subfield>
    <subfield code="a">BCEJYS</subfield>
    <subfield code="b">BCEJYS</subfield>
    <subfield code="c">17</subfield>
    <subfield code="d">1988-04-01</subfield>
    <subfield code="h">A&#xF1;o 6, N&#xBA; 44 - abr. 1988</subfield>
    <subfield code="l">0</subfield>
    <subfield code="o">H336 EJE 44</subfield>
    <subfield code="p">R03447</subfield>
    <subfield code="r">2026-04-10 16:06:34</subfield>
    <subfield code="w">2026-04-10</subfield>
    <subfield code="y">RN</subfield>
  </datafield>
  <datafield tag="952" ind1=" " ind2=" ">
    <subfield code="0">0</subfield>
    <subfield code="1">0</subfield>
    <subfield code="4">0</subfield>
    <subfield code="7">0</subfield>
    <subfield code="a">BCEJYS</subfield>
    <subfield code="b">BCEJYS</subfield>
    <subfield code="c">17</subfield>
    <subfield code="d">1988-03-01</subfield>
    <subfield code="h">A&#xF1;o 6, N&#xBA; 43 - mar. 1988</subfield>
    <subfield code="l">0</subfield>
    <subfield code="o">H336 EJE 43</subfield>
    <subfield code="p">R03449</subfield>
    <subfield code="r">2026-04-10 16:06:34</subfield>
    <subfield code="w">2026-04-10</subfield>
    <subfield code="y">RN</subfield>
  </datafield>
  <datafield tag="952" ind1=" " ind2=" ">
    <subfield code="0">0</subfield>
    <subfield code="1">0</subfield>
    <subfield code="4">0</subfield>
    <subfield code="7">0</subfield>
    <subfield code="a">BCEJYS</subfield>
    <subfield code="b">BCEJYS</subfield>
    <subfield code="c">17</subfield>
    <subfield code="d">1988-03-01</subfield>
    <subfield code="h">A&#xF1;o 6, N&#xBA; 43 - mar. 1988</subfield>
    <subfield code="l">0</subfield>
    <subfield code="o">H336 EJE 43 Ej.2</subfield>
    <subfield code="p">R03448</subfield>
    <subfield code="r">2026-04-10 16:06:34</subfield>
    <subfield code="w">2026-04-10</subfield>
    <subfield code="y">RN</subfield>
  </datafield>
  <datafield tag="952" ind1=" " ind2=" ">
    <subfield code="0">0</subfield>
    <subfield code="1">0</subfield>
    <subfield code="4">0</subfield>
    <subfield code="7">0</subfield>
    <subfield code="a">BCEJYS</subfield>
    <subfield code="b">BCEJYS</subfield>
    <subfield code="c">17</subfield>
    <subfield code="d">1987-11-01</subfield>
    <subfield code="h">A&#xF1;o 5, N&#xBA; 42 - nov. 1987</subfield>
    <subfield code="l">0</subfield>
    <subfield code="o">H336 EJE 42</subfield>
    <subfield code="p">R03928</subfield>
    <subfield code="r">2026-04-10 16:06:34</subfield>
    <subfield code="w">2026-04-10</subfield>
    <subfield code="y">RN</subfield>
  </datafield>
  <datafield tag="952" ind1=" " ind2=" ">
    <subfield code="0">0</subfield>
    <subfield code="1">0</subfield>
    <subfield code="4">0</subfield>
    <subfield code="7">0</subfield>
    <subfield code="a">BCEJYS</subfield>
    <subfield code="b">BCEJYS</subfield>
    <subfield code="c">17</subfield>
    <subfield code="d">1987-10-01</subfield>
    <subfield code="h">A&#xF1;o 5, N&#xBA; 41 - oct. 1987</subfield>
    <subfield code="l">0</subfield>
    <subfield code="o">H336 EJE 41</subfield>
    <subfield code="p">R03927</subfield>
    <subfield code="r">2026-04-10 16:06:34</subfield>
    <subfield code="w">2026-04-10</subfield>
    <subfield code="y">RN</subfield>
  </datafield>
  <datafield tag="952" ind1=" " ind2=" ">
    <subfield code="0">0</subfield>
    <subfield code="1">0</subfield>
    <subfield code="4">0</subfield>
    <subfield code="7">0</subfield>
    <subfield code="a">BCEJYS</subfield>
    <subfield code="b">BCEJYS</subfield>
    <subfield code="c">17</subfield>
    <subfield code="d">1987-09-01</subfield>
    <subfield code="h">A&#xF1;o 5, N&#xBA; 40 - sep. 1987</subfield>
    <subfield code="l">0</subfield>
    <subfield code="o">H336 EJE 40</subfield>
    <subfield code="p">R03926</subfield>
    <subfield code="r">2026-04-10 16:06:34</subfield>
    <subfield code="w">2026-04-10</subfield>
    <subfield code="y">RN</subfield>
  </datafield>
  <datafield tag="952" ind1=" " ind2=" ">
    <subfield code="0">0</subfield>
    <subfield code="1">0</subfield>
    <subfield code="4">0</subfield>
    <subfield code="7">0</subfield>
    <subfield code="a">BCEJYS</subfield>
    <subfield code="b">BCEJYS</subfield>
    <subfield code="c">17</subfield>
    <subfield code="d">1987-07-01</subfield>
    <subfield code="h">A&#xF1;o 5, N&#xBA; 39 - jul./ago. 1987</subfield>
    <subfield code="l">0</subfield>
    <subfield code="o">H336 EJE 39</subfield>
    <subfield code="p">R03999</subfield>
    <subfield code="r">2026-04-10 16:06:34</subfield>
    <subfield code="w">2026-04-10</subfield>
    <subfield code="y">RN</subfield>
  </datafield>
  <datafield tag="952" ind1=" " ind2=" ">
    <subfield code="0">0</subfield>
    <subfield code="1">0</subfield>
    <subfield code="4">0</subfield>
    <subfield code="7">0</subfield>
    <subfield code="a">BCEJYS</subfield>
    <subfield code="b">BCEJYS</subfield>
    <subfield code="c">17</subfield>
    <subfield code="d">1987-06-01</subfield>
    <subfield code="h">A&#xF1;o 5, N&#xBA; 38 - jun. 1987</subfield>
    <subfield code="l">0</subfield>
    <subfield code="o">H336 EJE 38</subfield>
    <subfield code="p">R03925</subfield>
    <subfield code="r">2026-04-10 16:06:34</subfield>
    <subfield code="w">2026-04-10</subfield>
    <subfield code="y">RN</subfield>
  </datafield>
  <datafield tag="952" ind1=" " ind2=" ">
    <subfield code="0">0</subfield>
    <subfield code="1">0</subfield>
    <subfield code="4">0</subfield>
    <subfield code="7">0</subfield>
    <subfield code="a">BCEJYS</subfield>
    <subfield code="b">BCEJYS</subfield>
    <subfield code="c">17</subfield>
    <subfield code="d">1987-05-01</subfield>
    <subfield code="h">A&#xF1;o 5, N&#xBA; 37 - may. 1987</subfield>
    <subfield code="l">0</subfield>
    <subfield code="o">H336 EJE 37</subfield>
    <subfield code="p">R03924</subfield>
    <subfield code="r">2026-04-10 16:06:34</subfield>
    <subfield code="w">2026-04-10</subfield>
    <subfield code="y">RN</subfield>
  </datafield>
  <datafield tag="952" ind1=" " ind2=" ">
    <subfield code="0">0</subfield>
    <subfield code="1">0</subfield>
    <subfield code="4">0</subfield>
    <subfield code="7">0</subfield>
    <subfield code="a">BCEJYS</subfield>
    <subfield code="b">BCEJYS</subfield>
    <subfield code="c">17</subfield>
    <subfield code="d">1987-04-01</subfield>
    <subfield code="h">A&#xF1;o 5, N&#xBA; 36 - abr. 1987</subfield>
    <subfield code="l">0</subfield>
    <subfield code="o">H336 EJE 36</subfield>
    <subfield code="p">R03923</subfield>
    <subfield code="r">2026-04-10 16:06:34</subfield>
    <subfield code="w">2026-04-10</subfield>
    <subfield code="y">RN</subfield>
  </datafield>
  <datafield tag="952" ind1=" " ind2=" ">
    <subfield code="0">0</subfield>
    <subfield code="1">0</subfield>
    <subfield code="4">0</subfield>
    <subfield code="7">0</subfield>
    <subfield code="a">BCEJYS</subfield>
    <subfield code="b">BCEJYS</subfield>
    <subfield code="c">17</subfield>
    <subfield code="d">1987-03-01</subfield>
    <subfield code="h">A&#xF1;o 5, N&#xBA; 35 - mar. 1987</subfield>
    <subfield code="l">0</subfield>
    <subfield code="o">H336 EJE 35</subfield>
    <subfield code="p">R03921</subfield>
    <subfield code="r">2026-04-10 16:06:34</subfield>
    <subfield code="w">2026-04-10</subfield>
    <subfield code="y">RN</subfield>
  </datafield>
  <datafield tag="952" ind1=" " ind2=" ">
    <subfield code="0">0</subfield>
    <subfield code="1">0</subfield>
    <subfield code="4">0</subfield>
    <subfield code="7">0</subfield>
    <subfield code="a">BCEJYS</subfield>
    <subfield code="b">BCEJYS</subfield>
    <subfield code="c">17</subfield>
    <subfield code="d">1986-12-01</subfield>
    <subfield code="h">A&#xF1;o 4, N&#xBA; 34 - dic. 1986</subfield>
    <subfield code="l">0</subfield>
    <subfield code="o">H336 EJE 34</subfield>
    <subfield code="p">R03920</subfield>
    <subfield code="r">2026-04-10 16:06:34</subfield>
    <subfield code="w">2026-04-10</subfield>
    <subfield code="y">RN</subfield>
  </datafield>
  <datafield tag="952" ind1=" " ind2=" ">
    <subfield code="0">0</subfield>
    <subfield code="1">0</subfield>
    <subfield code="4">0</subfield>
    <subfield code="7">0</subfield>
    <subfield code="a">BCEJYS</subfield>
    <subfield code="b">BCEJYS</subfield>
    <subfield code="c">17</subfield>
    <subfield code="d">1986-11-01</subfield>
    <subfield code="h">A&#xF1;o 4, N&#xBA; 33 - nov. 1986</subfield>
    <subfield code="l">0</subfield>
    <subfield code="o">H336 EJE 33</subfield>
    <subfield code="p">R03919</subfield>
    <subfield code="r">2026-04-10 16:06:34</subfield>
    <subfield code="w">2026-04-10</subfield>
    <subfield code="y">RN</subfield>
  </datafield>
  <datafield tag="952" ind1=" " ind2=" ">
    <subfield code="0">0</subfield>
    <subfield code="1">0</subfield>
    <subfield code="4">0</subfield>
    <subfield code="7">0</subfield>
    <subfield code="a">BCEJYS</subfield>
    <subfield code="b">BCEJYS</subfield>
    <subfield code="c">17</subfield>
    <subfield code="d">1986-10-01</subfield>
    <subfield code="h">A&#xF1;o 4, N&#xBA; 32 - oct. 1986</subfield>
    <subfield code="l">0</subfield>
    <subfield code="o">H336 EJE 32</subfield>
    <subfield code="p">R03918</subfield>
    <subfield code="r">2026-04-10 16:06:34</subfield>
    <subfield code="w">2026-04-10</subfield>
    <subfield code="y">RN</subfield>
  </datafield>
  <datafield tag="952" ind1=" " ind2=" ">
    <subfield code="0">0</subfield>
    <subfield code="1">0</subfield>
    <subfield code="4">0</subfield>
    <subfield code="7">0</subfield>
    <subfield code="a">BCEJYS</subfield>
    <subfield code="b">BCEJYS</subfield>
    <subfield code="c">17</subfield>
    <subfield code="d">1986-09-01</subfield>
    <subfield code="h">A&#xF1;o 4, N&#xBA; 31 - sep. 1986</subfield>
    <subfield code="l">0</subfield>
    <subfield code="o">H336 EJE 31</subfield>
    <subfield code="p">R03916</subfield>
    <subfield code="r">2026-04-10 16:06:34</subfield>
    <subfield code="w">2026-04-10</subfield>
    <subfield code="y">RN</subfield>
  </datafield>
  <datafield tag="952" ind1=" " ind2=" ">
    <subfield code="0">0</subfield>
    <subfield code="1">0</subfield>
    <subfield code="4">0</subfield>
    <subfield code="7">0</subfield>
    <subfield code="a">BCEJYS</subfield>
    <subfield code="b">BCEJYS</subfield>
    <subfield code="c">17</subfield>
    <subfield code="d">1986-07-01</subfield>
    <subfield code="h">A&#xF1;o 3, N&#xBA; 29 - jul. 1986</subfield>
    <subfield code="l">0</subfield>
    <subfield code="o">H336 EJE 29</subfield>
    <subfield code="p">R03915</subfield>
    <subfield code="r">2026-04-10 16:06:34</subfield>
    <subfield code="w">2026-04-10</subfield>
    <subfield code="y">RN</subfield>
  </datafield>
  <datafield tag="952" ind1=" " ind2=" ">
    <subfield code="0">0</subfield>
    <subfield code="1">0</subfield>
    <subfield code="4">0</subfield>
    <subfield code="7">0</subfield>
    <subfield code="a">BCEJYS</subfield>
    <subfield code="b">BCEJYS</subfield>
    <subfield code="c">17</subfield>
    <subfield code="d">1986-05-01</subfield>
    <subfield code="h">A&#xF1;o 3, N&#xBA; 27 - may. 1986</subfield>
    <subfield code="l">0</subfield>
    <subfield code="o">H336 EJE 27</subfield>
    <subfield code="p">R03913</subfield>
    <subfield code="r">2026-04-10 16:06:34</subfield>
    <subfield code="w">2026-04-10</subfield>
    <subfield code="y">RN</subfield>
  </datafield>
  <datafield tag="952" ind1=" " ind2=" ">
    <subfield code="0">0</subfield>
    <subfield code="1">0</subfield>
    <subfield code="4">0</subfield>
    <subfield code="7">0</subfield>
    <subfield code="a">BCEJYS</subfield>
    <subfield code="b">BCEJYS</subfield>
    <subfield code="c">17</subfield>
    <subfield code="d">1986-04-01</subfield>
    <subfield code="h">A&#xF1;o 3, N&#xBA; 26 - abr. 1986</subfield>
    <subfield code="l">0</subfield>
    <subfield code="o">H336 EJE 26</subfield>
    <subfield code="p">R03908</subfield>
    <subfield code="r">2026-04-10 16:06:34</subfield>
    <subfield code="w">2026-04-10</subfield>
    <subfield code="y">RN</subfield>
  </datafield>
  <datafield tag="952" ind1=" " ind2=" ">
    <subfield code="0">0</subfield>
    <subfield code="1">0</subfield>
    <subfield code="4">0</subfield>
    <subfield code="7">0</subfield>
    <subfield code="a">BCEJYS</subfield>
    <subfield code="b">BCEJYS</subfield>
    <subfield code="c">17</subfield>
    <subfield code="d">1986-03-01</subfield>
    <subfield code="h">A&#xF1;o 3, N&#xBA; 25 - mar. 1986</subfield>
    <subfield code="l">0</subfield>
    <subfield code="o">H336 EJE 25</subfield>
    <subfield code="p">R03911</subfield>
    <subfield code="r">2026-04-10 16:06:34</subfield>
    <subfield code="w">2026-04-10</subfield>
    <subfield code="y">RN</subfield>
  </datafield>
  <datafield tag="952" ind1=" " ind2=" ">
    <subfield code="0">0</subfield>
    <subfield code="1">0</subfield>
    <subfield code="4">0</subfield>
    <subfield code="7">0</subfield>
    <subfield code="a">BCEJYS</subfield>
    <subfield code="b">BCEJYS</subfield>
    <subfield code="c">17</subfield>
    <subfield code="d">1985-12-01</subfield>
    <subfield code="h">A&#xF1;o 3, N&#xBA; 24 - dic. 1985</subfield>
    <subfield code="l">0</subfield>
    <subfield code="o">H336 EJE 24</subfield>
    <subfield code="p">R03910</subfield>
    <subfield code="r">2026-04-10 16:06:34</subfield>
    <subfield code="w">2026-04-10</subfield>
    <subfield code="y">RN</subfield>
  </datafield>
  <datafield tag="952" ind1=" " ind2=" ">
    <subfield code="0">0</subfield>
    <subfield code="1">0</subfield>
    <subfield code="4">0</subfield>
    <subfield code="7">0</subfield>
    <subfield code="a">BCEJYS</subfield>
    <subfield code="b">BCEJYS</subfield>
    <subfield code="c">17</subfield>
    <subfield code="d">1985-09-01</subfield>
    <subfield code="h">A&#xF1;o 3, N&#xBA; 21 - sep. 1985</subfield>
    <subfield code="l">0</subfield>
    <subfield code="o">H336 EJE 21</subfield>
    <subfield code="p">R03427</subfield>
    <subfield code="r">2026-04-10 16:06:34</subfield>
    <subfield code="w">2026-04-10</subfield>
    <subfield code="y">RN</subfield>
  </datafield>
</record>
